000
00227 a2200097 4500
001
42832
100
_a
Ahmad S.S
245
_a
The present state of Indian politics
260
_a
Lahore
_b
Singe-e-Meal
_c
090
_c
26722
_d
26722
942
_a
NUST-CAE
_c
M
_c
18583
999
_c
277905
_d
277905